000
00308nam a22001217a 4500
082
_a
629.2446 JUD'M
100
_a
JUDGE, ARTHUR W
_9
41819
245
_a
MODERN TRANSMISSION SYSTEMS
250
_a
VOL-5
260
_a
LONDON
_b
CHAPMAN & HALL
_c
1962
650
_a
MODERN TRANSMISSION SYSTEMS
_9
77952
942
_c
BK
999
_c
583121
_d
583121